[Event "TCh-CRO Gp1A"]
[Site "Sibenik CRO"]
[Date "2010.09.06"]
[Round "3"]
[White "Mrkonjic,N"]
[Black "Postny,E"]
[Result "0-1"]
[WhiteElo "2394"]
[BlackElo "2595"]
[EventDate "2010.09.04"]

1. e4 c5 2. Nf3 e6 3. b3 b6 4. Bb2 Bb7 5. Nc3 d6 6. d4 cxd4 7. Bb5+ Bc6 8.
Bxc6+ Nxc6 9. Nxd4 Qd7 10. Nxc6 Qxc6 11. Qd3 Nf6 12. O-O-O Be7 13. Qb5 Rc8
14. f3 O-O 15. Kb1 Qb7 16. Qe2 a6 17. g4 Rc5 18. Rd2 b5 19. h4 a5 20. g5
Nh5 21. Qe3 a4 22. Ne2 Ra8 23. Rhd1 b4 24. f4 Rca5 25. Nc1 Qa6 26. f5 axb3
27. cxb3 e5 28. f6 Bf8 29. fxg7 Nxg7 30. Ba1 Qb7 31. Rf1 Nh5 32. Rdf2 Nf4
33. Nd3 Qa6 34. Nc1 Rc5 35. Rd1 Rac8 36. Rxf4 exf4 37. Qd4 Rc3 38. Bb2 f3
39. Qxb4 Rxc1+ 40. Bxc1 f2 0-1

[Event "TCh-CRO Gp1A"]
[Site "Sibenik CRO"]
[Date "2010.09.06"]
[Round "3"]
[White "Palac,M"]
[Black "Vargic,D"]
[Result "1-0"]
[WhiteElo "2561"]
[BlackElo "2360"]
[EventDate "2010.09.04"]

1. d4 e6 2. Nf3 Nf6 3. c4 Bb4+ 4. Bd2 c5 5. Bxb4 cxb4 6. g3 O-O 7. Bg2 Qc7
8. Qd3 b6 9. O-O Bb7 10. Nbd2 d6 11. e4 Nbd7 12. Ne1 e5 13. Nc2 a5 14. Rfd1
Rad8 15. Ne3 Rfe8 16. Nd5 Bxd5 17. cxd5 Rc8 18. Nf1 exd4 19. Qxd4 Qc5 20.
Ne3 g6 21. Qd2 b5 22. Rac1 Qb6 23. Rc6 Qb8 24. Qd4 Re7 25. Rdc1 Rce8 26. f3
Ne5 27. R6c2 h5 28. Kf2 Nfd7 29. f4 Ng4+ 30. Nxg4 hxg4 31. h3 gxh3 32. Rh1
Qb6 33. Qxb6 Nxb6 34. Rxh3 Rc8 35. Rxc8+ Nxc8 36. Rh1 Rc7 37. Re1 a4 38.
Bf1 Rc2+ 39. Re2 Rc5 40. Rd2 Kf8 41. Be2 Ke7 42. Rd4 f5 43. Rxb4 Na7 44.
Bd3 fxe4 45. Bxe4 Kf6 46. Ke3 a3 47. bxa3 Rc3+ 48. Bd3 Rxa3 49. Re4 Kf7 50.
Re6 Nc8 51. Kd4 Ra4+ 52. Kc3 Ra3+ 53. Kc2 Rxa2+ 54. Kb3 Rg2 55. Bxg6+ Kg7
56. Kb4 Nb6 57. Rxd6 Rb2+ 58. Kc5 Na4+ 59. Kd4 Rg2 60. Be8 1-0

[Event "TCh-CRO Gp1A"]
[Site "Sibenik CRO"]
[Date "2010.09.06"]
[Round "3"]
[White "Krstic,U"]
[Black "Dizdar,G"]
[Result "1/2-1/2"]
[WhiteElo "2410"]
[BlackElo "2555"]
[EventDate "2010.09.04"]

1. e4 e6 2. d4 d5 3. Nd2 Be7 4. Ngf3 Nf6 5. e5 Nfd7 6. Bd3 c5 7. O-O Nc6 8.
c3 a5 9. a4 b6 10. Qe2 O-O 11. Nb1 cxd4 12. cxd4 Nb4 1/2-1/2

[Event "TCh-CRO Gp1A"]
[Site "Sibenik CRO"]
[Date "2010.09.06"]
[Round "3"]
[White "Zelcic,R"]
[Black "Ascic,P"]
[Result "1-0"]
[WhiteElo "2554"]
[BlackElo "2310"]
[EventDate "2010.09.04"]

1. e4 e6 2. d4 d5 3. Nc3 Nf6 4. Bg5 dxe4 5. Nxe4 Be7 6. Bxf6 Bxf6 7. Nf3
O-O 8. c3 Nd7 9. Bd3 b6 10. Qc2 Bb7 11. O-O-O Qe7 12. h4 Rac8 13. Nfg5 Bxe4
14. Nxe4 c5 15. dxc5 bxc5 16. Nd6 Rb8 17. Bxh7+ Kh8 18. Be4 Be5 19. Nc4
Bf4+ 20. Kb1 f5 21. Bd3 Nb6 22. g3 Nxc4 23. Bxc4 Bh6 24. Rhe1 e5 25. f3
Rbe8 26. a4 Qc7 27. Rd5 e4 28. f4 Re7 29. h5 Qb8 30. Qe2 Qe8 31. Bb5 Qc8
32. Red1 Qc7 33. Rd6 Qa5 34. Qe3 Qc7 35. Rc6 Qb7 36. Rdd6 Rc7 37. Qxc5 Rxc6
38. Rxc6 Qb8 39. Re6 1-0

[Event "TCh-CRO Gp1A"]
[Site "Sibenik CRO"]
[Date "2010.09.06"]
[Round "3"]
[White "Drmic,T"]
[Black "Loncar,R"]
[Result "0-1"]
[WhiteElo "2302"]
[BlackElo "2419"]
[EventDate "2010.09.04"]

1. e4 e5 2. Nc3 Bc5 3. Bc4 Nf6 4. Nf3 Nc6 5. d3 O-O 6. O-O h6 7. Be3 d6 8.
Bxc5 dxc5 9. h3 Qd6 10. a4 a6 11. Nh4 Be6 12. Bxe6 fxe6 13. b3 g5 14. Nf3
Ne7 15. Ne2 Ng6 16. Qd2 Rf7 17. Qc3 Raf8 18. Nd2 Nd7 19. a5 Qe7 20. Nc4 Rg7
21. f3 h5 22. Ne3 Nf4 23. Rf2 Qf6 24. Raf1 Qh6 25. Qc4 Kh8 26. Nd1 g4 27.
Nxf4 Rxf4 28. fxg4 hxg4 29. Rxf4 exf4 30. hxg4 Rxg4 31. d4 Qg7 32. Rf2 Qxd4
33. Qc3 Nf6 34. Qh3+ Kg7 35. Nc3 Rg3 36. Qxe6 Qxc3 37. Rxf4 Qe3+ 38. Rf2
Rg6 39. e5 Qxf2+ 0-1

[Event "TCh-CRO Gp1A"]
[Site "Sibenik CRO"]
[Date "2010.09.06"]
[Round "3"]
[White "Movsesian,S"]
[Black "Kosic,D"]
[Result "1-0"]
[WhiteElo "2723"]
[BlackElo "2481"]
[EventDate "2010.09.04"]

1. e4 e6 2. d4 d5 3. e5 c5 4. c3 Nc6 5. Nf3 Qb6 6. a3 Nh6 7. Bd3 cxd4 8.
cxd4 Nf5 9. Bxf5 exf5 10. Nc3 Be6 11. O-O h6 12. Na4 Qd8 13. Be3 b6 14. Ne1
Be7 15. b4 Rc8 16. Nd3 g5 17. f4 g4 18. Rc1 Kf8 19. Nc3 h5 20. Rf2 Kg7 21.
Nb2 Qd7 22. Qd3 Nb8 23. Rfc2 Rc6 24. Bd2 Rhc8 25. Nbd1 a5 26. b5 Rc4 27.
Ne3 Bxa3 28. Nxc4 dxc4 29. Qe3 Rd8 30. Rb1 Be7 31. Qf2 Qb7 32. Be3 Bd5 33.
Rbc1 Rc8 34. Nxd5 Qxd5 35. Qe2 Qxb5 36. Rxc4 Na6 37. d5 Ba3 38. R1c3 Bc5
39. Bxc5 Rxc5 40. d6 Rd5 41. Qc2 Kg6 42. h3 Nc5 43. hxg4 hxg4 44. Rg3 Ne4
45. Rxe4 Rc5 46. Qd1 1-0

[Event "TCh-CRO Gp1A"]
[Site "Sibenik CRO"]
[Date "2010.09.06"]
[Round "3"]
[White "Miladinovic,I"]
[Black "Jankovic,A"]
[Result "1/2-1/2"]
[WhiteElo "2560"]
[BlackElo "2560"]
[EventDate "2010.09.04"]

1. d4 d5 2. Nf3 c6 3. Bg5 h6 4. Bh4 Qb6 5. Qc1 Bf5 6. e3 e6 7. c4 Be7 8.
Bg3 Nf6 9. Nc3 Nbd7 10. Be2 Ne4 11. Nxe4 Bxe4 12. c5 Qd8 13. b4 O-O 14. O-O
Bxf3 15. Bxf3 Bh4 16. Bf4 Bg5 17. Qc3 Bxf4 18. exf4 a5 19. a3 Qf6 20. g3 g5
21. fxg5 hxg5 22. Bg4 Qg7 23. Qe3 Rfe8 24. Rab1 f5 25. Bh5 Re7 26. bxa5 e5
27. Rxb7 exd4 28. Qd2 Nxc5 29. Rxe7 Qxe7 30. Qxd4 Rxa5 31. Rb1 Ra8 32. Bf3
Ne4 33. Rc1 Qxa3 34. Rxc6 Qa1+ 35. Qxa1 Rxa1+ 36. Kg2 1/2-1/2

[Event "TCh-CRO Gp1A"]
[Site "Sibenik CRO"]
[Date "2010.09.06"]
[Round "3"]
[White "Kuljasevic,D"]
[Black "Doric,D"]
[Result "1/2-1/2"]
[WhiteElo "2555"]
[BlackElo "2471"]
[EventDate "2010.09.04"]

1. d4 d5 2. c4 dxc4 3. e4 Nf6 4. e5 Nd5 5. Bxc4 Nb6 6. Bb3 Nc6 7. Ne2 Bf5
8. O-O e6 9. Nbc3 Qd7 10. Be3 O-O-O 11. Bc2 Bxc2 12. Qxc2 f5 13. exf6 gxf6
14. Nf4 Bd6 15. Qe4 Bxf4 16. Qxf4 f5 17. Rac1 Rhg8 18. Rfe1 Rg4 19. Qh6 Nb4
20. Rcd1 Rdg8 21. g3 N4d5 22. Bc1 R4g6 23. Qh5 Qg7 24. Qf3 h5 25. h4 f4 26.
Ne4 fxg3 27. fxg3 Rf8 28. Qd3 Rg4 29. Ng5 Nf4 30. Bxf4 Rfxf4 31. Kh2 Rxd4
32. Qb3 Nd5 33. Rxe6 b6 34. Rxd4 Qxd4 35. Re2 a5 36. Ne6 Qc4 37. Qf3 c6 38.
Rf2 Kb7 39. Qf8 Rxh4+ 40. gxh4 Qxh4+ 41. Kg1 Qg4+ 42. Kh2 Qh4+ 43. Kg1 Qg4+
44. Kh2 1/2-1/2

[Event "TCh-CRO Gp1A"]
[Site "Sibenik CRO"]
[Date "2010.09.06"]
[Round "3"]
[White "Ramesa,D"]
[Black "Hulak,K"]
[Result "1-0"]
[WhiteElo "2326"]
[BlackElo "2510"]
[EventDate "2010.09.04"]

1. Nf3 Nf6 2. c4 b6 3. g3 Bb7 4. Bg2 g6 5. O-O Bg7 6. Nc3 c5 7. d4 cxd4 8.
Qxd4 d6 9. Rd1 Nbd7 10. Be3 O-O 11. Qh4 Rc8 12. Rac1 Re8 13. b3 a6 14. Bh3
Rc7 15. g4 b5 16. g5 Nh5 17. Nd5 Bxd5 18. cxd5 Bb2 19. Rb1 Bc3 20. Nd4 Nb8
21. Nf5 Nd7 22. Nh6+ Kf8 23. Bg4 Ng7 24. Nxf7 Kxf7 25. Qxh7 Nf8 26. Be6+
Nfxe6 27. dxe6+ Kxe6 28. Qxg6+ Kd7 29. Bb6 Rg8 30. Rd3 Be5 31. h4 Qf8 32.
Rf3 Qc8 33. Bxc7 Qxc7 34. Rd1 Qc8 35. Qe4 Ke8 36. Kf1 Ne6 37. Qf5 Rf8 38.
Qg6+ Kd7 39. Rxf8 Qxf8 40. Qe4 Qh8 41. Qg4 Qa8 42. Kg1 Qc8 43. e3 Qc2 44.
Rf1 Qxa2 45. f4 Qxb3 46. fxe5 Qxe3+ 47. Rf2 Qe1+ 48. Kg2 Qxe5 49. g6 Kd8
50. h5 Qd5+ 51. Kg1 Ng5 52. h6 1-0

[Event "TCh-CRO Gp1A"]
[Site "Sibenik CRO"]
[Date "2010.09.06"]
[Round "3"]
[White "Vujakovic,B"]
[Black "Vlahov,D"]
[Result "0-1"]
[WhiteElo "2381"]
[BlackElo "2235"]
[EventDate "2010.09.04"]

1. e4 e6 2. d4 d5 3. Nc3 Nf6 4. Bg5 Be7 5. e5 Nfd7 6. Bxe7 Qxe7 7. f4 a6 8.
Nf3 c5 9. dxc5 Nxc5 10. Bd3 Nc6 11. Qd2 Nxd3+ 12. cxd3 Bd7 13. O-O g6 14.
Rac1 Qb4 15. a3 Qb6+ 16. Qf2 Qxf2+ 17. Kxf2 Na7 18. Nd4 Ke7 19. Ke3 Rac8
20. b4 Rhd8 21. h3 Nc6 22. Nce2 Nxd4 23. Nxd4 Ba4 24. Kd2 Kd7 25. Ne2 Rxc1
26. Rxc1 Rc8 27. Rxc8 Kxc8 28. Nc3 Bc6 29. g3 Kc7 30. Ke3 b6 31. Kd4 Bd7
32. g4 Bc6 33. g5 Bd7 34. Nd1 Ba4 35. Ne3 Kd7 36. Ng4 Bd1 37. Nf6+ Kc6 38.
Ne8 Kb5 39. Kc3 Ka4 40. Kb2 d4 41. Nc7 Be2 42. Nxa6 Bxd3 43. Nc7 Bf5 44.
Na8 Kb5 45. Nc7+ Kc4 46. Kc1 Kb3 47. Na8 b5 48. Nc7 Bd3 49. Kd2 Bf1 0-1

[Event "TCh-CRO Gp1A"]
[Site "Sibenik CRO"]
[Date "2010.09.06"]
[Round "3"]
[White "Stevic,H"]
[Black "Horvath,Cs1"]
[Result "1-0"]
[WhiteElo "2607"]
[BlackElo "2529"]
[EventDate "2010.09.04"]

1. e4 c5 2. d3 Nc6 3. f4 g6 4. Nf3 Bg7 5. Be2 d6 6. O-O Nf6 7. Qe1 c4 8.
Kh1 O-O 9. Qh4 Nb4 10. Na3 cxd3 11. cxd3 Nc6 12. f5 gxf5 13. Bh6 Bxh6 14.
Qxh6 Ng4 15. Qg5+ Kh8 16. exf5 Nf6 17. Qf4 Bd7 18. Nc4 Nb4 19. Ng5 Nbd5 20.
Qh4 Rc8 21. Bf3 Rxc4 22. dxc4 Ne3 23. Be4 Bc6 24. Rf3 Bxe4 25. Nxe4 Neg4
26. Nxf6 Nxf6 27. Re1 Rg8 28. h3 Qb6 29. b3 Qc7 30. Rg3 Rxg3 31. Qxg3 1-0

[Event "TCh-CRO Gp1A"]
[Site "Sibenik CRO"]
[Date "2010.09.06"]
[Round "3"]
[White "Komljenovic,D"]
[Black "Lenic,L"]
[Result "1/2-1/2"]
[WhiteElo "2465"]
[BlackElo "2603"]
[EventDate "2010.09.04"]

1. d4 Nf6 2. c4 e6 3. Nc3 Bb4 4. Nf3 c5 5. g3 Ne4 6. Qd3 Qa5 7. Qxe4 Bxc3+
8. Bd2 Bxd2+ 9. Nxd2 Nc6 10. dxc5 b6 11. Bg2 bxc5 12. Qb1 Bb7 13. Qd1 O-O
14. O-O d6 15. e3 Qb6 16. Ne4 Rfd8 17. Rc1 Rab8 18. Qc2 h6 19. Rfd1 Ne5 20.
b3 f5 21. f4 Ng4 22. Qe2 Nxh2 23. Nf2 Bxg2 24. Kxg2 Ng4 25. Nxg4 Qb7+ 26.
Kf2 fxg4 27. Qxg4 Qe4 1/2-1/2

[Event "TCh-CRO Gp1A"]
[Site "Sibenik CRO"]
[Date "2010.09.06"]
[Round "3"]
[White "Cvitan,O"]
[Black "Feletar,D"]
[Result "1-0"]
[WhiteElo "2531"]
[BlackElo "2391"]
[EventDate "2010.09.04"]

1. d4 Nf6 2. c4 e6 3. Nc3 d5 4. cxd5 Nxd5 5. Nf3 c5 6. e3 Nc6 7. Bd3 Be7 8.
O-O O-O 9. Nxd5 Qxd5 10. e4 Qd8 11. dxc5 Qa5 12. e5 Qxc5 13. Qe2 Rd8 14.
Rd1 Bd7 15. a3 Qa5 16. Qe4 g6 17. Bh6 Be8 18. b4 Qd5 19. Qe2 Qb3 20. Be3
Qc3 21. Be4 Nxe5 22. Rdc1 Nxf3+ 23. Qxf3 Qb2 24. Bxb7 Rab8 25. Bxa7 Rxb7
26. Qxb7 Bf6 27. Bb6 Rd3 28. Qc8 Kf8 29. Bc5+ Be7 30. Bxe7+ Kxe7 31. Qc2
Qxc2 32. Rxc2 1-0

[Event "TCh-CRO Gp1A"]
[Site "Sibenik CRO"]
[Date "2010.09.06"]
[Round "3"]
[White "Kutuzovic,B"]
[Black "Sulava,N"]
[Result "1/2-1/2"]
[WhiteElo "2334"]
[BlackElo "2552"]
[EventDate "2010.09.04"]

1. e4 e5 2. Nf3 Nc6 3. Bb5 Nf6 4. O-O Nxe4 5. Re1 Nd6 6. Nxe5 Be7 7. Bf1
Nxe5 8. Rxe5 O-O 9. d4 Bf6 10. Re1 Nf5 11. c3 d5 12. Bf4 Nh4 13. Bd3 Bf5
14. Bg3 Qd7 15. Qc2 Bxd3 16. Qxd3 Ng6 17. Nd2 Rfe8 18. Nf3 c6 19. h3 Rxe1+
20. Rxe1 1/2-1/2

[Event "TCh-CRO Gp1A"]
[Site "Sibenik CRO"]
[Date "2010.09.06"]
[Round "3"]
[White "Cebalo,M"]
[Black "Muse,D"]
[Result "1/2-1/2"]
[WhiteElo "2493"]
[BlackElo "2370"]
[EventDate "2010.09.04"]

1. d4 d5 2. c4 Bf5 3. Nc3 e6 4. Nf3 Nc6 5. cxd5 exd5 6. Bf4 Nf6 7. e3 Bd6
8. Bg5 Ne7 9. Bxf6 gxf6 10. Bd3 Bxd3 11. Qxd3 c6 12. O-O Qd7 13. e4 Rg8 14.
exd5 Qh3 15. g3 Bxg3 16. fxg3 Rxg3+ 17. Kf2 Rg2+ 18. Ke1 O-O-O 19. Kd1 Rxb2
20. Kc1 Rxh2 21. Rb1 Nxd5 22. Nxd5 Rxd5 23. Rb2 1/2-1/2

[Event "TCh-CRO Gp1A"]
[Site "Sibenik CRO"]
[Date "2010.09.06"]
[Round "3"]
[White "Lalic,B"]
[Black "Rogic,D"]
[Result "1/2-1/2"]
[WhiteElo "2495"]
[BlackElo "2591"]
[EventDate "2010.09.04"]

1. d4 d5 2. c4 c6 3. Nf3 Nf6 4. Nc3 dxc4 5. a4 Bf5 6. Ne5 Nbd7 7. Nxc4 Nb6
8. Ne5 a5 9. g3 e6 10. Bg2 Bb4 11. O-O O-O 12. e3 h6 13. Qe2 Nfd7 14. Nxd7
Nxd7 15. e4 Bg6 1/2-1/2

[Event "TCh-CRO Gp1A"]
[Site "Sibenik CRO"]
[Date "2010.09.06"]
[Round "3"]
[White "Kovacevic,Bl"]
[Black "Zaja,I"]
[Result "1/2-1/2"]
[WhiteElo "2459"]
[BlackElo "2482"]
[EventDate "2010.09.04"]

1. Nf3 b6 2. g3 Bb7 3. Bg2 e6 4. O-O Nf6 5. c4 Be7 6. d4 O-O 7. Nc3 Ne4 8.
Bd2 f5 9. Qc2 Bf6 10. Rad1 Nxc3 11. Bxc3 Be4 12. Qc1 d5 13. b3 Nc6 14. Ne1
Bxg2 15. Nxg2 Bg5 16. e3 a5 17. a4 Qd7 18. Qc2 Rac8 19. Rc1 Nd8 20. Rfd1
Nf7 21. Bb2 Be7 22. cxd5 exd5 23. Qc6 Qxc6 24. Rxc6 Nd8 25. Rc2 Bd6 26. Ne1
c6 27. Nd3 Rf7 28. Bc3 Ra7 29. Ra1 Kf7 30. Kg2 Ke6 31. Bb2 1/2-1/2

[Event "TCh-CRO Gp1A"]
[Site "Sibenik CRO"]
[Date "2010.09.06"]
[Round "3"]
[White "Muse,M"]
[Black "Zivkovic,Vj"]
[Result "1/2-1/2"]
[WhiteElo "2446"]
[BlackElo "2379"]
[EventDate "2010.09.04"]

1. d4 Nf6 2. c4 g6 3. Nc3 Bg7 4. e4 d6 5. f4 O-O 6. Nf3 c5 7. d5 e6 8. dxe6
fxe6 9. Bd3 Nc6 10. O-O Nd4 11. Kh1 Bd7 12. Bd2 Bc6 13. Qe1 e5 14. fxe5 Ng4
15. Qg3 Nxe5 16. Nxd4 cxd4 17. Rxf8+ Qxf8 18. Rf1 Qe7 19. Nd5 Bxd5 20. exd5
Rf8 21. h3 b6 22. Kg1 Bf6 23. Bh6 Rf7 24. Rf4 Bg7 25. Bg5 Qf8 26. Rxf7 Qxf7
27. b3 Qf8 28. Be4 Bh6 29. Qh4 Bxg5 30. Qxg5 Kg7 31. g3 Nf3+ 32. Bxf3 Qxf3
33. Qe7+ Kg8 34. Qe8+ Kg7 35. Qe7+ Kg8 1/2-1/2

[Event "TCh-CRO Gp1A"]
[Site "Sibenik CRO"]
[Date "2010.09.07"]
[Round "4"]
[White "Brkic,A"]
[Black "Pavasovic,D"]
[Result "1/2-1/2"]
[WhiteElo "2564"]
[BlackElo "2568"]
[EventDate "2010.09.04"]

1. e4 e5 2. Nf3 Nc6 3. Bb5 a6 4. Ba4 Nf6 5. O-O b5 6. Bb3 Bc5 7. a4 Rb8 8.
c3 O-O 9. d4 Bb6 10. axb5 axb5 11. dxe5 Ng4 12. Bf4 Qe8 13. Na3 Ngxe5 14.
Nxe5 Nxe5 15. Nxb5 d6 16. Nd4 Ng6 17. Be3 Qxe4 1/2-1/2

[Event "TCh-CRO Gp1A"]
[Site "Sibenik CRO"]
[Date "2010.09.07"]
[Round "4"]
[White "Saric,Iv"]
[Black "Ruck,R1"]
[Result "1/2-1/2"]
[WhiteElo "2567"]
[BlackElo "2555"]
[EventDate "2010.09.04"]

1. e4 c6 2. d4 d5 3. Nc3 dxe4 4. Nxe4 Bf5 5. Ng3 Bg6 6. h4 h6 7. Nf3 Nd7 8.
h5 Bh7 9. Bd3 Bxd3 10. Qxd3 e6 11. Bd2 Ngf6 12. O-O-O Be7 13. Ne4 Nxe4 14.
Qxe4 Nf6 15. Qd3 O-O 16. g4 Nxg4 17. Rhg1 f5 18. Qe2 Kh7 19. Ne5 Nxe5 20.
dxe5 Rf7 21. Kb1 Qe8 22. Rg6 Bf8 23. Bf4 Rd7 24. Rd6 Bxd6 25. exd6 Rad8 26.
Be5 Qf8 27. b3 Rxd6 28. Rxg7+ Qxg7 29. Bxg7 Kxg7 30. Qe5+ Kf7 31. Qf4 e5
32. Qxf5+ Kg7 33. Qxe5+ Kf7 34. a4 R8d7 35. Qh8 b6 36. Kb2 Rf6 37. f4 c5
38. Qh7+ Ke6 39. Qe4+ Kf7 40. a5 Kg7 41. Kc3 Rdf7 42. axb6 axb6 43. Kd3 Kf8
44. Qa8+ Kg7 45. Qb8 Rd7+ 46. Ke3 Re7+ 47. Kf3 Rd7 48. Qe5 Kf7 49. Qe4 Kf8
50. f5 Re7 51. Qd5 Re8 52. Kf4 Re7 53. Qd8+ Kf7 54. Qd5+ 1/2-1/2

[Event "TCh-CRO Gp1A"]
[Site "Sibenik CRO"]
[Date "2010.09.07"]
[Round "4"]
[White "Rogic,D"]
[Black "Jovanic,O"]
[Result "0-1"]
[WhiteElo "2591"]
[BlackElo "2523"]
[EventDate "2010.09.04"]

1. e4 c6 2. d4 d5 3. e5 Bf5 4. Nf3 e6 5. Be2 c5 6. Be3 cxd4 7. Nxd4 Ne7 8.
Nd2 Nbc6 9. N2f3 Be4 10. O-O Ng6 11. Bb5 Bxf3 12. Qxf3 Ngxe5 13. Qh5 Qd7
14. Rfe1 Be7 15. Bf4 Ng6 16. Bg3 a6 17. Nxc6 bxc6 18. Bd3 O-O 19. Be5 Bd6
20. Bc3 f5 21. Qe2 e5 22. Bxa6 Qa7 23. Bc4 dxc4 24. Qxc4+ Kh8 25. Qxc6 Bc5
26. Re2 Rad8 27. g3 f4 28. Rf1 Rd6 29. Qe4 Rdf6 30. Bxe5 Nxe5 31. Qxe5 fxg3
32. hxg3 Bd4 33. Qd5 Bxb2 34. Qb5 Bd4 35. Re8 h6 36. a4 Qf7 37. Rxf8+ Qxf8
38. Qe2 Qd6 39. Kh2 Qb4 40. a5 Bc5 41. a6 Qb6 42. Qe8+ Bf8 0-1

[Event "TCh-CRO Gp1A"]
[Site "Sibenik CRO"]
[Date "2010.09.07"]
[Round "4"]
[White "Saric,A"]
[Black "Kovacevic,Bl"]
[Result "1/2-1/2"]
[WhiteElo "2472"]
[BlackElo "2459"]
[EventDate "2010.09.04"]

1. Nf3 Nf6 2. g3 b5 3. Bg2 Bb7 4. d4 e6 5. O-O d5 6. b3 Nbd7 7. Nbd2 b4 8.
Bb2 Be7 9. c4 bxc3 10. Bxc3 c5 11. dxc5 a5 12. a3 1/2-1/2

[Event "TCh-CRO Gp1A"]
[Site "Sibenik CRO"]
[Date "2010.09.07"]
[Round "4"]
[White "Zivkovic,Vj"]
[Black "Zufic,M"]
[Result "1/2-1/2"]
[WhiteElo "2379"]
[BlackElo "2429"]
[EventDate "2010.09.04"]

1. e4 c5 2. Nf3 d6 3. d4 cxd4 4. Nxd4 Nf6 5. Nc3 a6 6. h3 e5 7. Nde2 h5 8.
Bg5 Be6 9. Bxf6 Qxf6 10. Nd5 Qd8 11. Nec3 Nd7 12. Be2 g6 13. O-O Bh6 14. a4
Rc8 15. a5 O-O 16. Ra3 Rc6 17. Na4 Bxd5 18. exd5 Rc7 19. b4 Qh4 20. c4 e4
21. Kh2 Bf4+ 22. g3 Be5 23. Kg2 Qg5 24. Qc1 Qe7 25. Nb6 Bd4 26. Nxd7 Rxd7
27. Qd2 Qe5 28. Qf4 Qxf4 29. gxf4 Kg7 30. Rd1 Ba7 31. c5 dxc5 32. b5 axb5
33. Bxb5 Rd6 34. f3 exf3+ 35. Kxf3 Bb8 36. a6 bxa6 37. Rxa6 Rxa6 38. Bxa6
Bd6 39. Rb1 Rb8 40. Rxb8 Bxb8 41. Ke4 f5+ 42. Kf3 Kf6 43. Bb5 Ke7 44. Ke3
Bc7 45. Kf3 Kf6 46. Bd3 h4 47. Ke3 g5 48. fxg5+ Kxg5 49. Bc4 Kf6 50. Bb3
Ke5 51. Bc4 Bd6 52. Ba2 Bf8 53. Bb3 f4+ 54. Kd3 Bh6 55. Ke2 Bg5 56. Ba2 Be7
57. Kd3 Bd6 58. Bb3 Bc7 59. Ba2 Ba5 60. Bb3 Be1 61. d6 Kxd6 62. Bd1 Kc6 63.
Kc4 Kb6 64. Bf3 Bf2 65. Be2 Be3 66. Bf3 Bd4 67. Be2 Ka5 68. Kb3 Be3 69. Bf3
1/2-1/2

[Event "TCh-CRO Gp1A"]
[Site "Sibenik CRO"]
[Date "2010.09.07"]
[Round "4"]
[White "Lenic,L"]
[Black "Lalic,B"]
[Result "1/2-1/2"]
[WhiteElo "2603"]
[BlackElo "2495"]
[EventDate "2010.09.04"]

1. d4 Nf6 2. c4 e6 3. Nf3 c5 4. Nc3 cxd4 5. Nxd4 Bb4 6. Ndb5 d5 7. Bf4 O-O
8. e3 a6 9. a3 Ba5 10. Nd6 Bc7 11. Nxc8 Bxf4 12. exf4 Nc6 13. Bd3 1/2-1/2

[Event "TCh-CRO Gp1A"]
[Site "Sibenik CRO"]
[Date "2010.09.07"]
[Round "4"]
[White "Sulava,N"]
[Black "Muse,M"]
[Result "1-0"]
[WhiteElo "2552"]
[BlackElo "2446"]
[EventDate "2010.09.04"]

1. d4 g6 2. Nf3 Bg7 3. c4 d6 4. e4 Nf6 5. Nc3 O-O 6. Be3 e5 7. dxe5 dxe5 8.
Qxd8 Rxd8 9. Nd5 Na6 10. O-O-O Bg4 11. Bg5 Rd6 12. h3 Bxf3 13. gxf3 Kf8 14.
h4 Ng8 15. Bh3 Bh6 16. Kc2 Bxg5 17. hxg5 Kg7 18. a3 h6 19. gxh6+ Nxh6 20.
b4 c6 21. c5 Rdd8 22. Ne3 Nc7 23. Nc4 Nb5 24. Rd3 Rxd3 25. Kxd3 Rd8+ 26.
Ke3 f5 27. Nxe5 Nxa3 28. Rg1 Kh7 29. exf5 Nc2+ 30. Kf4 gxf5 31. Rg6 Rg8 32.
Rxg8 Kxg8 33. Nd3 Nd4 34. Ke5 Nxf3+ 35. Kd6 Ng5 36. Bg2 Ng4 37. Kc7 b6 38.
cxb6 axb6 39. Kxb6 f4 40. Bxc6 Nh3 41. b5 Ngxf2 42. Nxf2 Nxf2 43. Kc7 Nd3
44. b6 1-0

[Event "TCh-CRO Gp1A"]
[Site "Sibenik CRO"]
[Date "2010.09.07"]
[Round "4"]
[White "Eljanov,P"]
[Black "Khenkin,I"]
[Result "1/2-1/2"]
[WhiteElo "2761"]
[BlackElo "2614"]
[EventDate "2010.09.04"]

1. d4 Nf6 2. c4 e6 3. g3 d5 4. Bg2 Nc6 5. cxd5 exd5 6. Nc3 Bb4 7. Bg5 h6 8.
Bxf6 Qxf6 9. e3 Qd6 10. Nge2 Ne7 11. a3 Bxc3+ 12. Nxc3 O-O 13. O-O c6 14.
b4 Bf5 15. b5 Rfc8 16. Qb3 Bd3 17. bxc6 Bc4 18. Qb4 Qxb4 19. axb4 Rxc6 20.
Rfc1 Rac8 21. Na4 b6 22. Ra3 Kf8 23. h4 R8c7 24. Bf3 Ke8 25. Kg2 Kd7 26.
Nb2 Bb5 27. Rca1 Rc2 28. Nd3 Bxd3 29. Rxd3 Rb2 30. Rda3 Rcc2 31. Rxa7+ Ke6
32. g4 Rxf2+ 33. Kg3 Rfc2 34. Rb7 Rxb4 35. Ra8 Nc8 36. g5 hxg5 37. hxg5 Nd6
38. Rba7 Kf5 39. Rd8 Ne4+ 40. Bxe4+ Kxe4 41. Re8+ Kd3 42. Rxf7 Re2 43. Rxg7
Rxe3+ 44. Rxe3+ Kxe3 45. g6 Rb1 46. Kg4 Kxd4 47. Kf5 Rf1+ 48. Ke6 Rg1 49.
Kf6 Rf1+ 50. Ke6 Rg1 1/2-1/2

[Event "TCh-CRO Gp1A"]
[Site "Sibenik CRO"]
[Date "2010.09.07"]
[Round "4"]
[White "Horvath,Cs1"]
[Black "Movsesian,S"]
[Result "0-1"]
[WhiteElo "2529"]
[BlackElo "2723"]
[EventDate "2010.09.04"]

1. d4 Nf6 2. c4 g6 3. Nf3 Bg7 4. g3 O-O 5. Bg2 d6 6. O-O Nbd7 7. Nc3 e5 8.
e4 c6 9. b3 Qb6 10. Bb2 exd4 11. Na4 Qc7 12. Qxd4 a6 13. Nc3 Ne5 14. Ne1 b5
15. c5 dxc5 16. Qxc5 Ned7 17. Qe3 Bb7 18. Nd3 c5 19. Nd5 Nxd5 20. exd5 Bxb2
21. Nxb2 Rfe8 22. Qd2 Qd6 23. Nd3 Rac8 24. Rfe1 Rxe1+ 25. Rxe1 Nb6 26. Qf4
Qxf4 27. Nxf4 Kf8 28. h4 c4 29. bxc4 Rxc4 30. Rd1 Ke8 31. Bh3 Kd8 32. Rd2
h6 33. Bf1 Ra4 34. d6 Nc4 35. Bxc4 Rxc4 36. Kh2 Kd7 37. Nd3 f6 38. Nf4 Be4
39. Ne6 Bf5 40. Nd4 Rc5 41. Nxf5 Rxf5 42. g4 Rc5 43. Kg3 Rc6 44. g5 hxg5
45. hxg5 Rxd6 46. Re2 fxg5 47. Re5 Rd3+ 48. f3 Ra3 49. Rxg5 Rxa2 50. Rxg6
b4 51. f4 Kc7 52. Rg7+ Kc6 53. Rg8 Ra1 54. Rb8 a5 55. f5 Rf1 56. Kg4 Kc5
57. Kg5 a4 58. f6 a3 59. Ra8 Rf2 0-1

[Event "TCh-CRO Gp1A"]
[Site "Sibenik CRO"]
[Date "2010.09.07"]
[Round "4"]
[White "Kozul,Z"]
[Black "Komljenovic,D"]
[Result "1-0"]
[WhiteElo "2604"]
[BlackElo "2465"]
[EventDate "2010.09.04"]

1. d4 Nf6 2. Nf3 c5 3. d5 b5 4. Bg5 d6 5. Bxf6 exf6 6. e3 a6 7. a4 b4 8.
Nbd2 g6 9. c3 Bg7 10. cxb4 cxb4 11. a5 Nd7 12. Qa4 f5 13. Nc4 O-O 14. Qxb4
f4 15. Be2 fxe3 16. fxe3 Nf6 17. Rd1 Re8 18. O-O Bf5 19. Qa3 Be4 20. Ng5 h6
21. Nxe4 Nxe4 22. Bf3 Bf8 23. Bxe4 Rxe4 24. Qd3 Qe8 25. Rf6 Rc8 26. b3
Rcxc4 27. bxc4 Rxe3 28. Qf1 Re2 29. Rxf7 Bg7 30. Rf2 Re4 31. Rf4 Re2 32.
Kh1 h5 33. Rf2 Re4 34. c5 dxc5 35. Qxa6 Bd4 36. Rff1 Re2 37. Qd3 Re3 38.
Qb1 Kg7 39. a6 Re2 40. Qd3 Re3 41. Qb1 h4 42. d6 h3 43. Qb7+ Kh6 44. a7 Ra3
45. d7 Qd8 46. gxh3 Ra2 47. Qb8 Qg5 48. Qf4 c4 1-0

[Event "TCh-CRO Gp1A"]
[Site "Sibenik CRO"]
[Date "2010.09.07"]
[Round "4"]
[White "Feletar,D"]
[Black "Jankovic,A"]
[Result "1/2-1/2"]
[WhiteElo "2391"]
[BlackElo "2560"]
[EventDate "2010.09.04"]

1. e4 c5 2. Nf3 Nc6 3. c3 Nf6 4. e5 Nd5 5. d4 cxd4 6. cxd4 d6 7. Bc4 Nb6 8.
Bb5 Bd7 9. exd6 e6 10. Nc3 Bxd6 11. O-O Ne7 12. Bd3 Nbd5 13. Ne4 Bc6 14.
Ne5 O-O 15. Qh5 Bxe5 16. dxe5 Nf5 17. Rd1 Qh4 18. Qxh4 Nxh4 19. Bd2 h6 20.
f4 Rad8 21. Rac1 Ne7 22. Bb4 Rd7 23. Bc2 Rxd1+ 24. Rxd1 Nhg6 25. g3 Rc8 26.
Bxe7 Nxe7 27. Nd6 Rd8 28. Kf2 Kf8 29. a3 Nd5 30. Bb3 Ke7 31. Bxd5 Bxd5 32.
Rc1 Bc6 33. Ke3 f6 34. b4 Kd7 35. Rc2 Rf8 36. Rf2 Bd5 37. Ke2 a5 38. b5 Kc7
39. Ke3 Kb6 40. Kd4 a4 41. h4 Bb3 42. Rf1 Rg8 43. Rc1 Rf8 44. Rf1 Rd8
1/2-1/2

[Event "TCh-CRO Gp1A"]
[Site "Sibenik CRO"]
[Date "2010.09.07"]
[Round "4"]
[White "Kuljasevic,D"]
[Black "Kutuzovic,B"]
[Result "1-0"]
[WhiteElo "2555"]
[BlackElo "2334"]
[EventDate "2010.09.04"]

1. d4 d5 2. c4 dxc4 3. e4 Nf6 4. e5 Nd5 5. Bxc4 Nb6 6. Bb3 Nc6 7. Ne2 Bf5
8. O-O e6 9. Nbc3 Qd7 10. Be3 O-O-O 11. Bc2 Bg6 12. a3 f6 13. exf6 gxf6 14.
b4 Ne7 15. Bb3 Ned5 16. Qc1 Bd3 17. Rd1 Bc4 18. Bxc4 Nxc4 19. Bf4 Nd6 20.
Rb1 Kb8 21. b5 Rg8 22. Rd3 Nf5 23. Nxd5 exd5 24. a4 Bd6 25. a5 Rde8 26. Ng3
Nxg3 27. hxg3 Re4 28. Bxd6 Qxd6 29. Qh6 Qe7 30. b6 Re1+ 31. Rxe1 Qxe1+ 32.
Kh2 Qxa5 33. bxa7+ Qxa7 34. Qxf6 Qa6 35. Qf3 Qh6+ 36. Kg1 Re8 37. Rd1 Qe6
38. Ra1 b6 39. Qd3 h6 40. Qb5 Rd8 41. Qa4 Kc8 42. Ra3 Qd6 43. Qa6+ Kd7 44.
Re3 Qc6 45. Qd3 Re8 46. Qf5+ Kd8 47. Rf3 Qe6 48. Qh5 Qc6 49. Rf5 Qc1+ 50.
Kh2 c6 51. Qg6 Re7 52. Qd6+ 1-0